| 000 | 00402nam a2200145Ia 4500 | ||
|---|---|---|---|
| 008 | 130318s9999 xx 000 0 und d | ||
| 020 | _a1580531377 | ||
| 082 | _a005.14 PUL/S | ||
| 100 | _aPullum, Laura L | ||
| 245 | _aSoftware fault tolerance techniques and implementation | ||
| 260 |
_bArtech House _aBoston _c2001 |
||
| 300 | _a343 | ||
| 650 | _aFAULT TOLERENT COMPUTING | ||
| 650 | _aSOFTWARE TESTING | ||
| 999 |
_c1285 _d1285 |
||